000 00735cam a2200205 4500
001 WB3615-09
008 000000n2000 000 0 eng u
035 _a(Sirsi) u105320
245 _aNorth's economy worse than Chile's
260 _c2000
490 _aIndependent
_v 11 April 2000, 6;
490 _aIndependent
_v 11 April 2000, 18(2)
520 _aTwo articles discuss the government-sponsered Cardiff University study "An index of competitiveness in the UK" which claims to conclusively prove the scale of the North-South divide in the UK. Table of worldwide comparisons.
590 _aWB
650 _aNORTH-SOUTH DIVIDE
650 _aREGIONS
650 _aCOMPETITIVENESS
690 _aECONOMIC ISSUES
942 _n0
999 _c63145
_d63145